[Event "El Prat de Llobregat op 4th"]
[Site "El Prat de Llobregat"]
[Date "2023.03.17"]
[Round "7"]
[White "Archs Garriga, Ignasi"]
[Black "Ramon Arrufat, Albert"]
[Result "1-0"]
[WhiteElo "1488"]
[BlackElo "1235"]
[PlyCount "33"]
[EventDate "2023.02.03"]
[EventType "swiss"]
[EventRounds "9"]
[EventCountry "ESP"]
[SourceTitle "EXT 2024"]
[Source "ChessBase"]
[SourceDate "2023.10.10"]
[SourceVersion "1"]
[SourceVersionDate "2023.10.10"]
[SourceQuality "1"]

1. c4 e6 2. a3 d5 3. e3 Nf6 4. Nc3 c6 5. d4 Bd6 6. Nf3 Nbd7 7. Bd3 Qe7 8. 0-0 e5 9. c5 Bc7 10. e4 exd4 11. exd5 dxc3 12. Re1 Ne5 13. d6 Bxd6 14. cxd6 Qxd6 15. Nxe5 0-0 16. Bxh7+ Nxh7 17. Qxd6 1-0

[Event "El Prat de Llobregat op 4th"]
[Site "El Prat de Llobregat"]
[Date "2023.03.10"]
[Round "6"]
[White "Onate Diaz, Manuel"]
[Black "Ramon Arrufat, Albert"]
[Result "0-1"]
[WhiteElo "1358"]
[BlackElo "1235"]
[PlyCount "54"]
[EventDate "2023.02.03"]
[EventType "swiss"]
[EventRounds "9"]
[EventCountry "ESP"]
[SourceTitle "EXT 2024"]
[Source "ChessBase"]
[SourceDate "2023.10.10"]
[SourceVersion "1"]
[SourceVersionDate "2023.10.10"]
[SourceQuality "1"]

1. e4 e6 2. d4 d5 3. exd5 exd5 4. Be3 Nf6 5. c3 Be7 6. Be2 Nbd7 7. h3 c5 8. Nf3 Qb6 9. Qc2 Ne4 10. Nfd2 Qg6 11. Bf3 Ndf6 12. Na3 Bd7 13. dxc5 Rc8 14. b4 a6 15. c4 Bf5 16. g4 Nxd2 17. Qxd2 Be4 18. Bxe4 Nxe4 19. Qc2 0-0 20. f3 Ng3 21. Qxg6 fxg6 22. 0-0-0 Nxh1 23. cxd5 Rxf3 24. d6 Rxe3 25. Rxh1 Bg5 26. Kb2 Bf6+ 27. Kb1 Rxa3 0-1